Responses for Show #6177 - Tuesday, June 21, 2011

Jay Rhee game 2.

Contestants

[<< previous game]

Scott Goldstein, a director and writer of a sketch comedy theater from Chicago, Illinois

Julianna Suchard, a mom and volunteer from Placentia, California

Jay Rhee, an oncologist from Annapolis, Maryland (whose 1-day cash winnings total $23,601)

[next game >>]

Jeopardy! Round responses

SOUTH AMERICAN GEOGRAPHY
TEAM PLAYERS
CONTROLLED "BURN"
STATE THE SENATOR
GHOUL-ASH
THAT'S THE SPIRIT
    $200 11
(Scott: What is Venezuela?)

Colombia

JayScott
    $200 1
the Los Angeles Dodgers

Scott
    $200 16
burning bush

Julianna
    $200 26
New York

Jay
    $200 6
Islam

Jay
    $200 21
vodka

Julianna
    $400 12
(Julianna: What is Rio de Janeiro?)

Sao Paulo

JayJulianna
    $400 2
the Chicago Bulls

Jay
    $400 17
a barnburner

Jay
    $400 27
Arizona

Jay
    $400 7
Ron Weasley

Jay
    $400 22
rum

Jay
    $600 13
Patagonia

Jay
    $600 3
the Boston Red Sox

Jay
    $600 18
Auburn

Jay
    $600 28
Tennessee

Jay
    $600 8
(Julianna: What is The Telltale Heart?)
(Scott: What is The Raven?)

The Bells

JuliannaScott
Triple Stumper
    $600 23
scotch

Scott
    $800 14
(Julianna: What is the Netherlands?)

Suriname

JuliannaScott
    $800 4
the Edmonton Oilers

Jay
    $800 19
Burn Notice

Julianna
    $800 29
Minnesota

Triple Stumper
    $800 9
Goosebumps

Scott
    $800 24
sake

Scott
    $1,000 15
(Scott: What is Chile?)

Peru

Scott
    $1000 5
the Dallas Cowboys

Jay
    $1000 20
Burnham

Jay
    $1000 30
Utah

Jay
    $1000 10
Night of the Living Dead

Scott
    $1000 25
gin

Triple Stumper

Scores at the first commercial break (after clue 15):

Jay Julianna Scott
$4,600 -$1,800 $1,000

Scores at the end of the Jeopardy! Round:

Jay Julianna Scott
$9,200 -$600 $2,400

Double Jeopardy! Round responses

INTERNATIONAL YEAR OF CHEMISTRY
(Alex: This is the...) (...according to the U.N.)
MUSICAL THEATER
PAPAL BULLS
WRITERS' RELATIVES
WHAT DO U STAND FOR?
NOTHING
    $400 21
(Jay: Who is Curie?)
(Alex: Be more specific.)
(Jay: Who is [*]?)

Marie Curie

Jay
    $400 1
The Taming of the Shrew

Scott
    $400 22
Pope John Paul II

Scott
    $400 6
Johnson & Johnson

Julianna
    $400 24
unidentified

Scott
    $400 30
null

Julianna
    $800 29
carbon dioxide

Scott
    $800 2
Sunset Boulevard

Jay
    $800 23
Martin Luther

Jay
    $800 7
(Theodore) Dreiser

Jay
    $800 14
(Scott: Uh, [*].)
...
(Alex: Scott outsmarted himself on that one.)
[Scott hits head]

underwater

JayScott
    $800 26
naught

Jay
    $1200 28
water

Julianna
    $1200 3
The Wiz

Jay
    $100 19
(Jay: What is the... Inquisition?)

the calendar

Jay
    $1200 8
(William) Burroughs

Julianna
    $1200 11
(Scott: What is Housing and [*] Development?)
(Alex: [*] is right, yes.)

Urban

Scott
    $1200 15
a hill of beans

Jay
    $100 20
isotopes

Jay
    $1600 4
(Scott: What is The Lion King?)

Fela!

Scott
Triple Stumper
    $1600 18
the Vatican Council

Jay
    $1600 9
Daniel Day-Lewis

Jay
    $1600 12
(Scott: What is the American Civil Liberties [*]?)
(Alex: Right. We only need what the U stands for.
(Scott: You got it. Sorry about that.)

Union

Scott
    $1600 16
Hobson's choice

Julianna
    $2000 27
the electrons

Triple Stumper
    $2000 5
Once Upon a Mattress

Julianna
    $2000 25
(Jay: What is Order of Malta?)

the Knights Templar

JayScott
    $2000 10
Peter Benchley

Triple Stumper
    $2000 13
(Scott: What is the House [*] Activities Committee?)
(Alex: Right...)
(Scott: Sorry! Hard enough to get in on this thing.)

Un-American

Scott
    $2000 17
trivial

Scott

Scores at the end of the Double Jeopardy! Round:

Jay Julianna Scott
$17,200 $6,200 $10,800

[wagering suggestions for these scores]

Final Jeopardy! Round responses

DOGS
JuliannaWhat is a Rhodesian Ridgeback
$4,601
ScottWhat is the Rhodesian Ridgeback?
$10,799
JayWhat is a Rhodesian Ridgeback?
$4,401
Rhodesian Ridgeback

Final scores:

Jay Julianna Scott
$21,601 $10,801 $21,599
2-day champion: $45,202 3rd place: $1,000 2nd place: $2,000

Game dynamics:

Coryat scores:

Jay Julianna Scott
$18,800 $6,200 $11,800
28 R
(including 1 DD),
2 W
(including 1 DD)
9 R,
3 W
15 R,
5 W
(including 1 DD)

Combined Coryat: $36,800

[game clues] [game scores] [suggest correction]

Game tape date: 2011-03-01
The J! Archive is created by fans, for fans. Scraping, republication, monetization, and malicious use prohibited; this site may use cookies and collect identifying information. See terms. The Jeopardy! game show and all elements thereof, including but not limited to copyright and trademark thereto, are the property of Jeopardy Productions, Inc. and are protected under law. This website is not affiliated with, sponsored by, or operated by Jeopardy Productions, Inc. Join the discussion at JBoard.tv.